000 01015nam0a22002531 4500
001 rc\2723333
005 20260407121849.0
035 _a(NLR Aleph) 006850925
090 _a6745922
_c6745922
100 _a20110915d1938 |||y0rusy50 ca
101 0 _arus
102 _aRU
105 _aa z |||||
200 1 _aИнструкция о порядке составления годовых бухгалтерских отчетов учреждений, состоящих на бюджетах АССР и местных бюджетах за 1938 год
_fНар. ком. финансов СССР
210 _aМосква
_cГосфиниздат
_d1938
215 _a3-42 с.
_cтабл.
_d21 см.
300 _aНапеч. в Уфе
300 _aБез тит. л. Описано по обл.
710 0 1 _aСССР
_bБюджетное управление
_9411639
_3RU\NLR\AUTH\889957780
801 0 _aRU
_bNLR
_gpsbo
801 1 _aRU
_bELAR
_2rusmarc
852 _aNLR
_j38-10/6530
942 _cBOOK
980 _aNB